Oeuvres de Chapelle et de Bachaumont. (Record no. 153090)

MARC details
000 -LEADER
campo de control de longitud fija 00899nam a22002415i 4500
001 - NÚMERO DE CONTROL
campo de control 153090
003 - IDENTIFICADOR DE NÚMERO DE CONTROL
campo de control ES-MaACL
005 - FECHA Y HORA DE LA ÚLTIMA TRANSACCIÓN
campo de control 20230906205023.0
008 - DATOS DE LONGITUD FIJA--INFORMACIÓN GENERAL
campo de control de longitud fija 040825s1854 fr |||| | fre d
040 ## - FUENTE DE CATALOGACIÓN
Centro catalogador/agencia de origen CAM
Lengua de catalogación spa
Centro/agencia transcriptor CAM
080 ## - NÚMERO DE LA CLASIFICACIÓN DECIMAL UNIVERSAL
Número de la Clasificación Decimal Universal 821.133.1-82"16"
100 1# - ENTRADA PRINCIPAL--NOMBRE DE PERSONA
Nombre de persona Chapelle (
Fechas asociadas al nombre 1626-1686)
9 (RLIN) 154483
245 10 - MENCIÓN DEL TÍTULO
Título Oeuvres de Chapelle et de Bachaumont.
250 ## - MENCION DE EDICION
Mención de edición Nouvelle éd. rev. et corr. sur les meillieurs textes, notamment sur l'édition de 1732; précédée d'une notice par Tenant de Latour.
260 ## - PUBLICACIÓN, DISTRIBUCIÓN, ETC.
Lugar de publicación, distribución, etc. Paris :
Nombre del editor, distribuidor, etc. P. Jannet,
Fecha de publicación, distribución, etc. 1854 (
Fabricante Imp. Guiraudet et Jouaust)
300 ## - DESCRIPCIÓN FÍSICA
Extensión 284, [1] p. ;
Dimensiones 16 cm.
490 1# - MENCIÓN DE SERIE
Mención de serie Bibliothèque elzévirienne
700 11 - ENTRADA AGREGADA--NOMBRE PERSONAL
Nombre de persona Bachaumont, François Le Coigneux de.
9 (RLIN) 125772
700 1# - ENTRADA AGREGADA--NOMBRE PERSONAL
Nombre de persona Tenant de Latour, Jean Baptiste.
9 (RLIN) 133174
830 0# - PUNTO DE ACCESO ADICIONAL DE SERIE-TÍTULO UNIFORME
Título uniforme Bibliothèque elzévirienne
9 (RLIN) 180979
852 ## - LOCALIZACIÓN
Ubicación ES-MaACL
Número de control de estantería G-2310
Nota libre -- Enc. tela
Holdings
Estatus retirado Estado de pérdida Estado de daño No para préstamo Colección Biblioteca de origen Biblioteca actual Ubicación en estantería Fecha de adquisición Fuente de adquisición Total de préstamos Signatura topográfica completa Código de barras Visto por última vez Precio de reemplazo Tipo de ítem Koha
        Libros del s. XIX Biblioteca del Ateneo de Madrid Biblioteca del Ateneo de Madrid Depósito 2 17/01/2008     G-2310 1159948 23/02/2023 23/02/2023 Libro impreso antiguo